000 00364nam a2200109Ia 4500
008 220217s9999 xx 000 0 und d
245 0 _aMethods of sampling and test for rubber compounding ingredients. Part I. (Second Reprint September 1991)
260 _c1973
500 _aStandard number: IS 7086 Part I
650 _aRubber compounding ingredients
942 _cST
999 _c73914
_d73914